Loading...

Madness

Bibliographic Details
Main Author: Dahl, Roald
Format: Printed Book
Published: UK Penguin books 1977
Subjects:
LEADER 00522nam a22001817a 4500
003 OSt
020 |a 9780718185633 
082 |a 823.2  |b DAH/MA 
100 |a Dahl, Roald 
245 |a Madness 
260 |a UK  |b Penguin books   |c 1977 
300 |a 236p. 
534 |n 1944 
546 |a English 
650 |a Short Story 
942 |2 ddc  |c BK 
999 |c 155838  |d 155838 
952 |0 0  |1 0  |2 ddc  |4 0  |6 823_200000000000000_DAHMA  |7 0  |9 154883  |a KAUCLV  |b KAUCLV  |c GENERAL  |d 2017-06-24  |g 499.00  |l 1  |o 823.2 DAH/MA  |p 227425  |r 2018-06-22  |s 2018-06-05  |w 2017-06-24  |y BK